Kuchařka pro zdravé srdce. /

Uložené v:
Podrobná bibliografia
Médium: Kniha
Jazyk:Czech
Vydané: Praha : Victoria Publishing, a.s., [1993]
Vydanie:1. vyd.
Témy:
ISBN: 8085605465 (viaz.)
Fyzický popis: 341 s.
Tagy: Pridať tag
Žiadne tagy, Buďte prvý kto otaguje tento záznam!

MARC

LEADER 00000nam a2200000 a 4500
001 000072949
003 SVKK
005 20010430000000.0
008 001123s1993 cs e czeo
020 |a 8085605465 (viaz.) 
040 |a SVKKK  |b slo  |c SVKKK  |e AACR2 
041 0 |a cze 
044 |a cs  |c CS 
080 |a 641.563(083.1)  |2 1997 
080 |a 613.24:616.1  |2 1997 
245 0 0 |a Kuchařka pro zdravé srdce. /  |c Red. Karel Marek 
250 |a 1. vyd. 
260 |a Praha :  |b Victoria Publishing, a.s.,  |c [1993] 
300 |a 341 s. 
653 0 |a jedlá diétne  |2 SVKKKPH 
653 0 |a choroby srdcové  |2 SVKKKPH 
653 0 |a knihy kuchárske  |2 SVKKKPH 
655 7 |a príručky  |2 SVKKKPH 
700 1 |a Marek, Karel  |4 pfr 
910 |a svkkk 
919 |a 80-85605-46-5 
974 |a MI  |d 20001123 
974 |a PA  |d 20001123 
974 |a PA  |d 20010430 
998 |a BK 
090 |g SCKHL  |k Sklad Pribinova prízemie  |a IV.164648  |j 865014  |i 72949-10  |s Absenčne 
090 |g SCKHL  |k Sklad Pribinova prízemie  |a IV.164649  |j 865015  |i 72949-20  |s Absenčne